Indian States with highest percentage of Tribal Population - Statistics

General Stats
  • This quiz has been taken 8 times
  • The average score is 8 of 10
Answer Stats
Answer % Correct
Arunachal Pradesh
100%
Manipur
100%
Meghalaya
100%
Nagaland
100%
Sikkim
100%
Tripura
100%
Mizoram
83%
Lakshadweep
67%
Dadra and Nagar Haveli
50%
Chhatisgarh
33%
No matching quizzes found
Score Distribution
Percent of People with Each Score
Percentile by Number Answered
Your Score History
You have not taken this quiz